[Event "Berlin-ch U18"]
[Site "Berlin"]
[Date "2006.01.29"]
[Round "1.9"]
[White "Mai, Andreas"]
[Black "Dietel, Johannes"]
[Result "1-0"]
[WhiteElo "1730"]
[BlackElo "1024"]
[PlyCount "89"]
[EventDate "2006.01.29"]
[EventType "swiss"]
[EventRounds "7"]
[EventCountry "GER"]
[SourceTitle "EXT 2022"]
[Source "ChessBase"]
[SourceDate "2021.10.06"]
[SourceVersion "1"]
[SourceVersionDate "2021.10.06"]
[SourceQuality "1"]

1. e4 c6 2. d4 d5 3. exd5 cxd5 4. Nf3 Bf5 5. Bd3 Bxd3 6. Qxd3 Nc6 7. 0-0 Nf6 8. Bg5 e6 9. Qb5 Qc7 10. Nc3 Be7 11. Rfe1 h6 12. Bxf6 Bxf6 13. Nxd5 Qd7 14. Rad1 0-0 15. Nxf6+ gxf6 16. Qh5 Kh7 17. Re4 Rg8 18. c3 f5 19. Rh4 Rg6 20. b4 Qd5 21. g3 Rd8 22. Rf4 b5 23. Nh4 Rg7 24. Qe2 Ne7 25. Rf3 Ng6 26. Nxg6 Rxg6 27. Re3 Rg4 28. Re5 Qc6 29. Rc5 Re4 30. Qxb5 Qxb5 31. Rxb5 Rd5 32. Rb7 Kg6 33. Rxa7 e5 34. a4 exd4 35. Rxd4 Rexd4 36. cxd4 Rxd4 37. b5 Rb4 38. Ra6+ f6 39. b6 Kf7 40. Ra7+ Ke8 41. a5 Kd8 42. b7 Kc7 43. a6 Rb6 44. Ra8 h5 45. Rc8+ 1-0